Biblioteca

Reglamento para adminstración y la aplicación de disciplina, y declaración de fe de la Iglesia Alianza Cristiana y Misionera en Chile (Registro nro. 44390)

Detalles MARC
000 -LÍDER
Campo fijo de descripción fija 006600000a22001330004500
001 - NÚMERO DE CONTROL
Campo de control 17895
245 10 - TÍTULO
Título del Material Reglamento para adminstración y la aplicación de disciplina, y declaración de fe de la Iglesia Alianza Cristiana y Misionera en Chile
260 ## - PUBLICACIÓN, DISTRIBUCIÓN, ETC. (PIE DE IMPRENTA)
Lugar de publicación, distribución, etc. Temuco, Chile : Alianza
300 ## - DESCRIPCIÓN FÍSICA
Extensión 20 p.
505 00 - NOTA DE CONTENIDO
Nota de contenido con formato preestablecido Organización -- Secciones -- Facultades del pastor -- Deberes del pastor -- Facultades de la iglesia -- La convenciones regionales -- La conferencia anual -- Diciplina pastoral -- Declaración de fe
650 14 - ASIENTO SECUNDARIO DE MATERIA - TERMINO TEMÁTICO
Término temático o nombre geográfico como elemento de entrada GOBIERNO ECLESIASTICO \ DISCIPLINA ECLESIASTICA - IGLESIA ALIANZA CRISTIANA Y MISIONERA EN CHILE
942 ## - TIPO DE MATERIAL (KOHA)
Tipo de Item KOHA Libros General
Existencias
Estado de Material Estado de Perdido Estado de Dañado No para Préstamo Colección Tomo Biblioteca de Origen Biblioteca Permanente Fecha de Adquisición Total de Préstamos Signatura Topográfica Código de Barras Última vez visto Ejemplar/Existencia Fecha de Remplazo Tipo de Material
        Colección Folletos   Biblioteca FUSBC Biblioteca FUSBC 20/02/2013   AV 0447 17887 12/12/2019 1 26/01/2016 Documentos Archivo Vertical

Biblioteca FUSBC | Teléfono: (57+4) 349 88 10 Ext. 141| WhatsApp (+57) 3005338115 
E-mail: biblioteca@unisbc.edu.co | Calle 76 87-14 Robledo Palenque, Medellín, Colombia

Con tecnología Koha